000 00269nam a2200109Ia 4500
005 20251222141955.0
008 251222s9999||||xx |||||||||||||| ||spa||
082 _a250.25/A78
245 0 _aDirectorio eclesiƔstico 2001-2002
264 _bArzobispado de Lima
942 _cLIB
999 _c9813
_d9813